| 000 | 00563nam a22001817a 4500 | ||
|---|---|---|---|
| 005 | 20251108164229.0 | ||
| 008 | 250721s1994 xx 000 0 ara d | ||
| 082 | 1 | 4 | _a338.9/فؤا |
| 100 | 1 | _aالصقار، فؤاد محمد | |
| 245 | 1 | 0 | _aالتخطيط الإقليمي / |
| 250 | _aط3.، طبعة جديدة منقحة | ||
| 264 | 1 |
_aالاسكندريه : _bمنشأة المعارف، _c1994. |
|
| 300 | _a369ص | ||
| 650 | 1 | 7 | _aالتنمية الإقتصادية |
| 650 | 1 | 7 | _aالتخطيط الإقتصادي |
| 942 |
_2ddc _cBK |
||
| 999 |
_c6945 _d6945 |
||